Munster baronies - Statistics

General Stats
  • This quiz has been taken 5 times
  • The average score is 6 of 79
Answer Stats
Hint Answer % Correct
County Cork Cork
100%
County Kerry Dunkerron North
50%
County Cork Muskerry East
50%
County Tipperary Ormond Lower
50%
County Tipperary Ormond Upper
50%
County Cork Bantry
25%
County Cork Bear
25%
County Clare Bunratty Lower
25%
County Clare Bunratty Upper
25%
County Clare Burren
25%
County Kerry Dunkerron South
25%
County Cork Fermoy
25%
County Tipperary Kilnamanagh Lower
25%
County Tipperary Kilnamanagh Upper
25%
County Cork Muskerry West
25%
County Clare Tulla Lower
25%
County Clare Tulla Upper
25%
County Waterford Waterford City
25%
County Cork Barretts
0%
County Cork Barrymore
0%
County Cork Carbery East (East Division)
0%
County Cork Carbery East (West Division)
0%
County Cork Carbery West (East Division)
0%
County Cork Carbery West (West Division)
0%
County Kerry Clanmaurice
0%
County Tipperary Clanwilliam
0%
County Limerick Clanwilliam
0%
County Clare Clonderalaw
0%
County Cork Condons and Clangibbon
0%
County Limerick Connello Lower
0%
County Limerick Connello Upper
0%
County Limerick Coonagh
0%
County Clare Corcomroe
0%
County Kerry Corkaguiny
0%
County Cork Cork City
0%
County Limerick Coshlea
0%
County Limerick Coshma
0%
County Waterford Coshmore and Coshbride
0%
County Cork Courceys
0%
County Waterford Decies-within-Drum
0%
County Waterford Decies-without-Drum
0%
County Cork Duhallow
0%
County Tipperary Eliogarty
0%
County Waterford Gaultiere
0%
County Kerry Glanarought
0%
County Waterford Glenarihy
0%
County Limerick Glenquin
0%
County Cork Ibane and Barryroe
0%
County Clare Ibrickan
0%
County Tipperary Iffa and Offa East
0%
County Tipperary Iffa and Offa West
0%
County Tipperary Ikerrin
0%
County Cork Imokilly
0%
County Clare Inchiquin
0%
County Kerry Iraghticonnor
0%
County Clare Islands
0%
County Kerry Iveragh
0%
County Limerick Kenry
0%
County Cork Kerrycurihy
0%
County Limerick Kilmallock
0%
County Cork Kinalea
0%
County Cork Kinalmeaky
0%
County Cork Kinnatalloon
0%
County Cork Kinsale
0%
County Limerick Limerick City
0%
County Kerry Maguinhy
0%
County Tipperary Middlethird
0%
County Waterford Middlethird
0%
County Clare Moyasta
0%
County Limerick North Liberties of Limerick
0%
County Cork Orrey and Kilmore
0%
County Tipperary Owney and Arra
0%
County Limerick Owneybeg
0%
County Limerick Pubblebrien
0%
County Limerick Shanid
0%
County Tipperary Slieveardagh
0%
County Limerick Smallcounty
0%
County Kerry Trughancmy
0%
County Waterford Upperthird
0%
No matching quizzes found
Score Distribution
Percent of People with Each Score
Percentile by Number Answered
Your Score History
You have not taken this quiz